LEADER 01599nam a2200301 a 4500 001 000000105587 003 CaOOAMICUS 005 20070612134819.0 008 070612s2006 it 000 0 ita d 020 $a88-14-12199-0 040 $aPUL$bita$dES 100 1 $aBevere, Antonio.$0(OLS)http://pul/name/64830 245 13$aIl diritto di informazione e i diritti della persona :$bil conflitto della libertà di pensiero con l'onore, la riservatezza, l'identità personale /$cAntonio Bevere, Augusto Cerri. 250 $a2. ed 260 $aMilano :$bA. Giuffrè,$cc2006. 300 $axii, 308 p. ;$c21 cm 490 1 $aTeoria e pratica del diritto.$aSezione III, Diritto e procedura penale ;$v73 504 $aContiene riferimenti bibliografici p. 289-292 650 04$aDiritto all'informazione.$0(OLS)http://pul/subject/6954 650 04$aTutela dei diritti.$0(OLS)http://pul/subject/17090 700 1 $aCerri, Augusto.$0(OLS)http://pul/name/26753 830 0$aTeoria e pratica del diritto.$nSezione III,$pDiritto e procedura penale ;$v73.$0(OLS)http://pul/title/49488 850 $aPUL 852 $aPUL$W1$xSL Diritto e Scienze Sociali 3$y79$m323. 44 BEVAN 1$j121772$qDDC 21$B120769$CPULBib$Z2$F120769 $H104168 $82 941 1 $a9 996 $6020$a88-14-12199-0$9(OLS)http://pul/number/134785 996 $6245$aIl diritto di informazione e i diritti della persona :$bil conflitto della libertà di pensiero con l'onore, la riservatezza, l'identità personale$9(OLS)http://pul/title/132897 996 $6260$aMilano :$bA. Giuffrè$9(OLS)http://pul/publisher/48096 LEADER 01348nam a2200277 a 4500 001 000000174185 003 CaOOAMICUS 005 20210129125436.0 008 210129s2019 it frm z000 u fre r 032 $aLibriCat 040 $aPUL$bita 100 1 $aUzabumwana, Romuald.$0(OLS)http://pul/name/111910 245 14$aLes roles de la religion dans le processus de faire face a la tragédie des violences sexuelles chez les rescapés du génocide au Rwanda /$cRomuald Uzabumwana. 260 $aRoma :$b[s.n.],$c2019. 300 $a276 p. ; $b$c24 cm 502 $aTesi di dottorato-- Pontificia Università Gregoriana--Istituto di psicologia, 2019. 504 $aBibliografia: p. [355]-424. 650 4$aAbusi sessuali.$0(OLS)http://pul/subject/45697 650 4$aGenocidio.$0(OLS)http://pul/subject/23392 710 2 $aPontificia Università Gregoriana.$bIstituto di psicologia.$kTesi.$0(OLS)http://pul/name/82056 850 $aPUL 852 $aPUL$W1$xDP1 Tesi Pon. Univ. Gregoriana$y40$m2019 E 2$j196164$qTesi$B203107$CPULBib$Z2$F203107 $82 941 1 $a16 996 $6245$aLes roles de la religion dans le processus de faire face a la tragédie des violences sexuelles chez les rescapés du génocide au Rwanda$9(OLS)http://pul/title/215415 996 $6260$aRoma :$b[s.n.]$9(OLS)http://pul/publisher/47958